Espacio trasnacional e identidad de los ticos arriba y abajo /

Збережено в:
Бібліографічні деталі
Автор: Caamaño Morúa, Carmen
Формат: Текст
Теги: Додати тег
Немає тегів, Будьте першим, хто поставить тег для цього запису!

MARC

LEADER 00000 a a2200000 04500
001 47699
003
040
100 |a Caamaño Morúa, Carmen  
245 |a Espacio trasnacional e identidad de los ticos arriba y abajo /  |c Carmen Caamaño Morúa  
773 |g volumen8, número15, (2007), páginas 31-51  
999 |c 39823  |d 39823